[Event "African Games-chT 2019"]
[Site "Casablanca"]
[Date "2019.08.24"]
[Round "2.2"]
[White "Amin, Bassem"]
[Black "Silva, David"]
[Result "1/2-1/2"]
[WhiteElo "2692"]
[BlackElo "2239"]
[Annotator "TA"]
[PlyCount "70"]
[EventDate "2019.08.24"]
[EventType "team-tourn"]
[EventCountry "MAR"]
[SourceTitle "playchess.com"]
[Source "ChessBase"]
[SourceQuality "1"]
[WhiteTeam "Egypt"]
[BlackTeam "Angola"]
[WhiteTeamCountry "EGY"]
[BlackTeamCountry "ANG"]

{[%evp 16,70,0,0,0,0,0,0,0,0,4,0,29,16,56,69,45,35,89,36,66,16,42,6,18,-12,-25,-49,-56,-52,-62,-39,-17,-22,-14,0,-5,-80,-94,-89,-87,-77,-89,-123,-106,-143,-125,-125,-125,-203,-119,-124,0,-193,0,-125,0]} 1. e4 e5 2. Nf3 Nc6 3. Bb5 a6 4. Ba4 Nf6 5. Qe2 b5 6. Bb3 Bc5 7. a4 Rb8 8. axb5 axb5 9. O-O O-O {C77: Ruy Lopez: 3...a6 4 Ba4 Nf6, unusual lines} 10. d3 h6 (10... d6 11. Be3 Bg4 12. c3 Bxe3 13. Qxe3 Nd7 14. Nbd2 Nc5 15. Bc2 Ne6 16. d4 exd4 17. cxd4 {1-0 (67) Amin,B (2662)-Sanal,V (2474) Doha 2016}) 11. c3 d6 {The position is equal.} 12. Be3 Bb6 13. Nbd2 Kh8 $146 ({Predecessor:} 13... Re8 14. h3 d5 15. Bxb6 Rxb6 16. Ra8 d4 17. cxd4 Nxd4 18. Nxd4 Qxd4 {1-0 (79) Zakic,S (2337)-Sarenac,I (2388) Belgrade 2018}) 14. h3 Nh7 15. d4 Bd7 16. Rfd1 Qe7 (16... Nf6 $14) 17. Bc2 ({White should play} 17. d5 $16 Na5 18. Bxb6 cxb6 19. Bc2) 17... Nf6 18. Nf1 exd4 19. cxd4 (19. Nxd4 {keeps more tension.} Rfe8 20. Ng3 Ne5 21. b3 b4 22. cxb4 Nc6 23. Qd2) 19... Nb4 20. Bb1 (20. Ng3 {feels hotter.} Nxc2 21. Qxc2 Rbe8 22. Nd2 Ra8 23. Re1) 20... Nxe4 {[#]} 21. Bxh6 $1 {[%mdl 512]} gxh6 22. Qxe4 Qxe4 23. Bxe4 Rbe8 24. Ng3 f5 $36 {[%mdl 2048] Black fights for an advantage.} 25. Bb1 $1 f4 26. Nh5 (26. Ne4 $1 $11 {remains equal.}) 26... Bf5 $17 {[#] Strongly threatening ...Bxb1.} 27. Nh4 Bxb1 28. Raxb1 Kh7 29. Rbc1 Nd5 30. Rc2 Re6 31. Rcd2 Re4 32. Nf3 (32. Rd3 $17) 32... Re7 (32... Kg6 $19 33. g4 fxg3 34. Nxg3 Ref4) 33. Nh4 Re4 (33... Rg8 $17 34. g3 fxg3 35. Nxg3 Nf4) 34. Nf3 $1 $19 Re7 ({Black should try} 34... Kg6 $19 35. g4 fxg3 36. Nxg3 Ref4) 35. Nh4 $1 $17 Re4 {Accuracy: White = 52%, Black = 42%.} (35... Rg8 $17 36. Rd3 Re4) 1/2-1/2

[Event "African Games-chT 2019"]
[Site "Casablanca"]
[Date "2019.08.24"]
[Round "2.3"]
[White "Caxita, Esperanca"]
[Black "Wafa, Shrook"]
[Result "0-1"]
[WhiteElo "1803"]
[BlackElo "2183"]
[Annotator "NA"]
[PlyCount "60"]
[EventDate "2019.08.24"]
[EventType "team-tourn"]
[EventCountry "MAR"]
[SourceTitle "playchess.com"]
[Source "ChessBase"]
[SourceQuality "1"]
[WhiteTeam "Angola"]
[BlackTeam "Egypt"]
[WhiteTeamCountry "ANG"]
[BlackTeamCountry "EGY"]
[TimeControl "900+10"]

1. e4 {[%emt 0:00:00]} c5 {[%emt 0:00:00]} 2. f4 {[%emt 0:00:00]} Nc6 {[%emt 0:00:00]} 3. Nf3 {[%emt 0:00:00]} g6 {[%emt 0:00:03]} 4. Bb5 {[%emt 0:00:08]} Bg7 {[%emt 0:00:06]} 5. O-O {[%emt 0:00:11]} d6 {[%emt 0:00:15]} 6. Nc3 {[%emt 0:00:56]} Bd7 {[%emt 0:00:35]} 7. Re1 {[%emt 0:01:08]} Nf6 {[%emt 0:00:57]} 8. a3 {[%emt 0:00:31]} O-O {[%emt 0:00:22]} 9. Bc4 {[%emt 0:00:31]} a6 {[%emt 0:00:32]} 10. d3 {[%emt 0:00:56]} b5 {[%emt 0:00:24]} 11. Ba2 {[%emt 0:01:32]} Rc8 {[%emt 0:02:15]} 12. h3 {[%emt 0:00:10]} b4 {[%emt 0:00:10]} 13. axb4 {[%emt 0:00:40]} cxb4 {[%emt 0:00:07]} 14. Nd5 {[%emt 0:00:30]} Nxd5 {[%emt 0:02:15]} 15. Bxd5 {[%emt 0:00:17]} Nd4 {[%emt 0:01:28]} 16. Nxd4 {[%emt 0:01:43]} Bxd4+ {[%emt 0:00:09]} 17. Kh2 {[%emt 0:00:06]} a5 {[%emt 0:00:32]} 18. Bb3 {[%emt 0:01:08]} Qc7 {[%emt 0:01:33]} 19. Ra2 {[%emt 0:01:32]} Be6 {[%emt 0:01:46]} 20. Bxe6 {[%emt 0:01:35]} fxe6 {[%emt 0:00:06]} 21. b3 {[%emt 0:00:01]} Qc5 {[%emt 0:00:30]} 22. Qe2 {[%emt 0:00:56]} Kg7 {[%emt 0:00:49]} 23. g3 {[%emt 0:00:39]} e5 {[%emt 0:00:30]} 24. Rf1 {[%emt 0:01:31]} e6 {[%emt 0:00:22]} 25. Qg4 {[%emt 0:00:31]} Rce8 {[%emt 0:01:13]} 26. Qe2 {[%emt 0:00:48]} Rf7 {[%emt 0:00:23]} 27. Bb2 {[%emt 0:00:16]} Bxb2 {[%emt 0:00:11]} 28. Rxb2 {[%emt 0:00:01]} Ref8 {[%emt 0:00:03]} 29. Qd2 {[%emt 0:00:22]} exf4 {[%emt 0:00:27]} 30. Rbb1 {[%emt 0:01:06]} fxg3+ {[%emt 0:00:13]} 0-1

[Event "African Games-chT 2019"]
[Site "Casablanca"]
[Date "2019.08.24"]
[Round "2.4"]
[White "Wafa, Shahenda"]
[Black "Pires, Luzia"]
[Result "1-0"]
[WhiteElo "2139"]
[BlackElo "1924"]
[Annotator "NA"]
[PlyCount "93"]
[EventDate "2019.08.24"]
[EventType "team-tourn"]
[EventCountry "MAR"]
[SourceTitle "playchess.com"]
[Source "ChessBase"]
[SourceQuality "1"]
[WhiteTeam "Egypt"]
[BlackTeam "Angola"]
[WhiteTeamCountry "EGY"]
[BlackTeamCountry "ANG"]
[TimeControl "900+10"]

1. e4 {[%emt 0:00:00]} c5 {[%emt 0:00:00]} 2. Nf3 {[%emt 0:00:00]} d6 {[%emt 0:00:00]} 3. d4 {[%emt 0:00:00]} cxd4 {[%emt 0:00:00]} 4. Nxd4 {[%emt 0:00:03]} Nf6 {[%emt 0:00:00]} 5. Nc3 {[%emt 0:00:05]} g6 {[%emt 0:00:00]} 6. Be3 {[%emt 0:00:05]} Bg7 {[%emt 0:00:00]} 7. f3 {[%emt 0:00:03]} O-O {[%emt 0:00:08]} 8. Qd2 {[%emt 0:00:03]} Nc6 {[%emt 0:00:02]} 9. g4 {[%emt 0:00:42]} Nxd4 {[%emt 0:00:40]} 10. Bxd4 {[%emt 0:00:07]} Be6 {[%emt 0:00:06]} 11. h4 {[%emt 0:02:33]} Nd7 {[%emt 0:06:42]} 12. Bxg7 {[%emt 0:01:01]} Kxg7 {[%emt 0:00:07]} 13. h5 {[%emt 0:00:33]} Rh8 {[%emt 0:00:33]} 14. h6+ {[%emt 0:01:33]} Kf8 {[%emt 0:00:14]} 15. O-O-O {[%emt 0:00:23]} Qa5 {[%emt 0:00:33]} 16. a3 {[%emt 0:02:57]} Rc8 {[%emt 0:00:15]} 17. Be2 {[%emt 0:00:56]} Ne5 {[%emt 0:01:37]} 18. Rhg1 {[%emt 0:01:20]} Bc4 {[%emt 0:02:20]} 19. Bxc4 {[%emt 0:03:08]} Nxc4 {[%emt 0:00:08]} 20. Qd5 {[%emt 0:00:54]} Qxd5 {[%emt 0:00:58]} 21. Nxd5 {[%emt 0:00:04]} f6 {[%emt 0:00:20]} 22. a4 {[%emt 0:00:21]} Kf7 {[%emt 0:00:21]} 23. b3 {[%emt 0:00:04]} Ne5 {[%emt 0:00:36]} 24. f4 {[%emt 0:00:08]} Nd7 {[%emt 0:00:13]} 25. g5 {[%emt 0:00:41]} Nc5 {[%emt 0:00:11]} 26. gxf6 {[%emt 0:00:20]} exf6 {[%emt 0:00:08]} 27. Nc3 {[%emt 0:00:20]} Nxb3+ {[%emt 0:00:15]} 28. Kb2 {[%emt 0:00:13]} Na5 {[%emt 0:00:13]} 29. Nb5 {[%emt 0:00:16]} Nc4+ {[%emt 0:00:27]} 30. Kb3 {[%emt 0:00:12]} Rc6 {[%emt 0:00:52]} 31. Nxa7 {[%emt 0:00:21]} Na5+ {[%emt 0:01:05]} 32. Kb4 {[%emt 0:00:19]} Ra6 {[%emt 0:00:01]} 33. Nb5 {[%emt 0:00:05]} Rd8 {[%emt 0:00:26]} 34. Rd5 {[%emt 0:00:13]} Nc6+ {[%emt 0:00:03]} 35. Kb3 {[%emt 0:00:02]} Ne7 {[%emt 0:00:11]} 36. Rd4 {[%emt 0:00:04]} d5 {[%emt 0:00:06]} 37. e5 {[%emt 0:00:08]} Nc6 {[%emt 0:00:06]} 38. Rdd1 {[%emt 0:00:20]} fxe5 {[%emt 0:00:02]} 39. fxe5 {[%emt 0:00:01]} Nxe5 {[%emt 0:00:02]} 40. Rgf1+ {[%emt 0:00:01]} Kg8 {[%emt 0:00:04]} 41. Rde1 {[%emt 0:00:13]} Ng4 {[%emt 0:00:25]} 42. Re7 {[%emt 0:00:06]} Rf6 {[%emt 0:00:15]} 43. Rxf6 {[%emt 0:00:11]} Nxf6 {[%emt 0:00:01]} 44. Rxb7 {[%emt 0:00:01]} Ng4 {[%emt 0:00:01]} 45. a5 {[%emt 0:00:05]} Nxh6 {[%emt 0:00:04]} 46. a6 {[%emt 0:00:01]} Nf5 {[%emt 0:00:06]} 47. a7 {[%emt 0:00:01]} 1-0

[Event "African Games-chT 2019"]
[Site "Casablanca"]
[Date "2019.08.24"]
[Round "2.5"]
[White "Hamdouchi, Hicham"]
[Black "Zaibi, Amir"]
[Result "0-1"]
[WhiteElo "2562"]
[BlackElo "2367"]
[Annotator "ChessBase"]
[PlyCount "131"]
[EventDate "2019.08.24"]
[EventType "team-tourn"]
[EventCountry "MAR"]
[SourceTitle "playchess.com"]
[Source "ChessBase"]
[SourceQuality "1"]
[WhiteTeam "Morocco"]
[BlackTeam "Tunisia"]
[WhiteTeamCountry "MAR"]
[BlackTeamCountry "TUN"]
[TimeControl "900+10"]

1. e4 {[%emt 0:00:00]} c5 {[%emt 0:00:00]} 2. Nc3 {[%emt 0:00:05]} e6 {[%emt 0:00:00]} 3. Nge2 {[%emt 0:00:08]} Nc6 {[%emt 0:00:02]} 4. d4 {[%emt 0:00:08]} cxd4 {[%emt 0:00:01]} 5. Nxd4 {[%emt 0:00:01]} Qc7 {[%emt 0:00:01]} 6. g3 {[%emt 0:00:13]} a6 {[%emt 0:00:04]} 7. Bg2 {[%emt 0:00:02]} h5 {[%emt 0:00:02]} 8. Nf3 {[%emt 0:01:24]} Nf6 {[%emt 0:00:31]} 9. O-O {[%emt 0:00:11]} b5 {[%emt 0:00:18]} 10. Qe2 {[%emt 0:00:29]} Bb7 {[%emt 0:00:06]} 11. Bf4 {[%emt 0:00:57]} d6 {[%emt 0:01:01]} 12. Rad1 {[%emt 0:01:54]} Ne5 {[%emt 0:00:50]} 13. a3 {[%emt 0:00:18]} Be7 {[%emt 0:00:14]} 14. h3 {[%emt 0:00:22]} Rc8 {[%emt 0:00:05]} 15. Nd4 {[%emt 0:00:22]} Nc4 {[%emt 0:02:49]} 16. Bc1 {[%emt 0:00:03]} Qb6 {[%emt 0:00:39]} 17. Rfe1 {[%emt 0:00:27]} Nd7 {[%emt 0:01:09]} 18. b3 {[%emt 0:02:47]} Nce5 {[%emt 0:00:11]} 19. Bb2 {[%emt 0:00:17]} g5 {[%emt 0:00:25]} 20. f4 {[%emt 0:01:15]} h4 {[%emt 0:01:24]} 21. fxe5 {[%emt 0:02:19]} dxe5 {[%emt 0:00:04]} 22. Nd5 {[%emt 0:00:02]} exd5 {[%emt 0:00:52]} 23. exd5 {[%emt 0:00:02]} hxg3 {[%emt 0:01:28]} 24. Kh1 {[%emt 0:02:28]} Qg6 {[%emt 0:04:17]} 25. Nc6 {[%emt 0:01:05]} Rxc6 {[%emt 0:00:24]} 26. dxc6 {[%emt 0:00:10]} Bxc6 {[%emt 0:00:02]} 27. Kg1 {[%emt 0:00:05]} Bc5+ {[%emt 0:00:41]} 28. Bd4 {[%emt 0:00:06]} Bxd4+ {[%emt 0:00:03]} 29. Rxd4 {[%emt 0:00:01]} Bxg2 {[%emt 0:00:01]} 30. Kxg2 {[%emt 0:00:17]} O-O {[%emt 0:00:47]} 31. Rd3 {[%emt 0:00:41]} f5 {[%emt 0:00:36]} 32. Qd2 {[%emt 0:00:23]} Nf6 {[%emt 0:00:30]} 33. Rd6 {[%emt 0:00:02]} f4 {[%emt 0:00:04]} 34. Rxe5 {[%emt 0:00:09]} f3+ {[%emt 0:00:10]} 35. Kxg3 {[%emt 0:00:10]} f2 {[%emt 0:00:33]} 36. Kxf2 {[%emt 0:01:04]} Ne4+ {[%emt 0:00:07]} 37. Kg2 {[%emt 0:00:01]} Qxd6 {[%emt 0:00:07]} 38. Rxg5+ {[%emt 0:00:02]} Kh7 {[%emt 0:00:19]} 39. Rh5+ {[%emt 0:00:01]} Kg7 {[%emt 0:00:05]} 40. Qxd6 {[%emt 0:00:36]} Nxd6 {[%emt 0:00:01]} 41. Rd5 {[%emt 0:00:02]} Rf6 {[%emt 0:00:03]} 42. Rc5 {[%emt 0:00:18]} Nf5 {[%emt 0:00:08]} 43. c4 {[%emt 0:00:14]} bxc4 {[%emt 0:00:11]} 44. bxc4 {[%emt 0:00:01]} Ne3+ {[%emt 0:00:10]} 45. Kg3 {[%emt 0:00:02]} Kg6 {[%emt 0:00:02]} 46. Rc8 {[%emt 0:00:05]} Nf1+ {[%emt 0:00:12]} 47. Kg2 {[%emt 0:00:03]} Ne3+ {[%emt 0:00:03]} 48. Kg3 {[%emt 0:00:00]} Nf5+ {[%emt 0:00:05]} 49. Kg2 {[%emt 0:00:05]} Kg5 {[%emt 0:00:04]} 50. c5 {[%emt 0:00:11]} Kf4 {[%emt 0:00:30]} 51. Kf2 {[%emt 0:00:13]} Nd4 {[%emt 0:00:06]} 52. h4 {[%emt 0:00:40]} Rh6 {[%emt 0:00:21]} 53. Rd8 {[%emt 0:00:20]} Ke5 {[%emt 0:00:02]} 54. Kg3 {[%emt 0:00:24]} Nf5+ {[%emt 0:00:03]} 55. Kg4 {[%emt 0:00:01]} Rxh4+ {[%emt 0:00:10]} 56. Kg5 {[%emt 0:00:00]} Rh7 {[%emt 0:00:02]} 57. Re8+ {[%emt 0:00:24]} Re7 {[%emt 0:00:05]} 58. Rg8 {[%emt 0:00:15]} Rg7+ {[%emt 0:00:09]} 59. Rxg7 {[%emt 0:00:02]} Nxg7 {[%emt 0:00:01]} 60. Kg6 {[%emt 0:00:11]} Ne6 {[%emt 0:00:05]} 61. c6 {[%emt 0:00:01]} Kd6 {[%emt 0:00:01]} 62. Kf6 {[%emt 0:00:01]} Nc7 {[%emt 0:00:02]} 63. Kf5 {[%emt 0:00:07]} Kxc6 {[%emt 0:00:02]} 64. Ke4 {[%emt 0:00:01]} Kb5 {[%emt 0:00:03]} 65. Kd3 {[%emt 0:00:01]} Ka4 {[%emt 0:00:00]} 66. Kd4 0-1

[Event "African Games-chT 2019"]
[Site "Casablanca"]
[Date "2019.08.24"]
[Round "2.6"]
[White "Boudriga, Mohamed Ali"]
[Black "Tissir, Mohamed"]
[Result "0-1"]
[WhiteElo "2325"]
[BlackElo "2379"]
[Annotator "ChessBase"]
[PlyCount "86"]
[EventDate "2019.08.24"]
[EventType "team-tourn"]
[EventCountry "MAR"]
[SourceTitle "playchess.com"]
[Source "ChessBase"]
[SourceQuality "1"]
[WhiteTeam "Tunisia"]
[BlackTeam "Morocco"]
[WhiteTeamCountry "TUN"]
[BlackTeamCountry "MAR"]
[TimeControl "900+10"]

1. e4 {[%emt 0:00:08]} d6 {[%emt 0:00:00]} 2. d4 {[%emt 0:00:17]} g6 {[%emt 0:00:00]} 3. Nc3 {[%emt 0:00:09]} Bg7 {[%emt 0:00:00]} 4. Be3 {[%emt 0:00:35]} Nd7 {[%emt 0:00:02]} 5. Nf3 {[%emt 0:00:07]} c6 {[%emt 0:00:08]} 6. Bd3 {[%emt 0:01:08]} e5 {[%emt 0:01:04]} 7. dxe5 {[%emt 0:00:44]} dxe5 {[%emt 0:00:02]} 8. O-O {[%emt 0:01:20]} Ngf6 {[%emt 0:00:02]} 9. h3 {[%emt 0:00:51]} O-O {[%emt 0:00:04]} 10. Qd2 {[%emt 0:00:14]} Qe7 {[%emt 0:00:15]} 11. Ne2 {[%emt 0:00:09]} Nh5 {[%emt 0:00:59]} 12. Rad1 {[%emt 0:01:06]} a5 {[%emt 0:00:17]} 13. Qc3 {[%emt 0:00:44]} h6 {[%emt 0:00:49]} 14. Rfe1 {[%emt 0:00:19]} Re8 {[%emt 0:01:12]} 15. Nh2 {[%emt 0:03:04]} Nf4 {[%emt 0:01:05]} 16. Qd2 {[%emt 0:01:00]} g5 {[%emt 0:02:04]} 17. Ng3 {[%emt 0:00:05]} Nf6 {[%emt 0:00:01]} 18. Qc3 {[%emt 0:02:27]} Bf8 {[%emt 0:03:04]} 19. a3 {[%emt 0:00:27]} h5 {[%emt 0:00:46]} 20. Nf3 {[%emt 0:00:34]} h4 {[%emt 0:00:18]} 21. Bxf4 {[%emt 0:00:14]} gxf4 {[%emt 0:01:22]} 22. Nf5 {[%emt 0:00:24]} Bxf5 {[%emt 0:00:16]} 23. exf5 e4 24. Bc4 {[%emt 0:01:09]} Bg7 {[%emt 0:00:42]} 25. Qd2 {[%emt 0:01:42]} Qc5 {[%emt 0:00:15]} 26. Qd4 {[%emt 0:00:06]} Qxf5 {[%emt 0:00:10]} 27. Nh2 {[%emt 0:00:04]} Nd5 {[%emt 0:00:10]} 28. Qc5 {[%emt 0:00:02]} Bf8 {[%emt 0:00:20]} 29. Rxd5 {[%emt 0:00:04]} cxd5 {[%emt 0:00:11]} 30. Qxd5 {[%emt 0:00:01]} Qxd5 {[%emt 0:01:54]} 31. Bxd5 {[%emt 0:00:01]} e3 {[%emt 0:00:01]} 32. fxe3 {[%emt 0:00:52]} Bc5 {[%emt 0:00:23]} 33. Ng4 {[%emt 0:00:05]} Kg7 {[%emt 0:00:03]} 34. Kf1 {[%emt 0:00:10]} f5 {[%emt 0:00:05]} 35. Nh2 {[%emt 0:00:01]} Rad8 {[%emt 0:00:16]} 36. Bc4 {[%emt 0:00:17]} Rd2 {[%emt 0:00:04]} 37. Bd3 {[%emt 0:00:04]} fxe3 {[%emt 0:00:09]} 38. Nf3 {[%emt 0:00:16]} Rf2+ {[%emt 0:00:33]} 39. Kg1 {[%emt 0:00:02]} Kf6 {[%emt 0:00:04]} 40. Be2 {[%emt 0:00:27]} Re4 {[%emt 0:01:21]} 41. Kh1 {[%emt 0:00:06]} Bd6 {[%emt 0:00:16]} 42. Bd3 {[%emt 0:00:08]} Re8 {[%emt 0:00:14]} 43. Nd4 Ke5 0-1

[Event "African Games-chT 2019"]
[Site "Casablanca"]
[Date "2019.08.24"]
[Round "2.7"]
[White "Mayar ElIdrissi, Firdaous"]
[Black "Marzouk, Amira"]
[Result "0-1"]
[WhiteElo "1760"]
[BlackElo "1698"]
[Annotator "NA"]
[PlyCount "88"]
[EventDate "2019.08.24"]
[EventType "team-tourn"]
[EventCountry "MAR"]
[SourceTitle "playchess.com"]
[Source "ChessBase"]
[SourceQuality "1"]
[WhiteTeam "Morocco"]
[BlackTeam "Tunisia"]
[WhiteTeamCountry "MAR"]
[BlackTeamCountry "TUN"]
[TimeControl "900+10"]

1. e4 {[%emt 0:00:00]} c5 {[%emt 0:00:00]} 2. d3 {[%emt 0:00:00]} d6 {[%emt 0:00:00]} 3. Nf3 {[%emt 0:00:00]} Nf6 {[%emt 0:00:02]} 4. g3 {[%emt 0:00:00]} g6 {[%emt 0:00:02]} 5. Bg2 {[%emt 0:00:00]} Bg7 {[%emt 0:00:14]} 6. O-O {[%emt 0:00:02]} Nc6 {[%emt 0:00:01]} 7. Be3 {[%emt 0:00:03]} O-O {[%emt 0:00:02]} 8. h3 {[%emt 0:00:20]} b5 {[%emt 0:01:01]} 9. Nbd2 {[%emt 0:00:05]} a5 {[%emt 0:00:09]} 10. c3 {[%emt 0:00:05]} Bd7 {[%emt 0:00:08]} 11. Ne1 {[%emt 0:00:37]} Qc8 {[%emt 0:00:41]} 12. Kh2 {[%emt 0:00:03]} b4 {[%emt 0:00:13]} 13. Rc1 {[%emt 0:00:16]} Qa6 {[%emt 0:00:42]} 14. Qe2 {[%emt 0:00:54]} Be6 {[%emt 0:00:06]} 15. cxb4 {[%emt 0:00:53]} axb4 {[%emt 0:00:11]} 16. e5 {[%emt 0:00:36]} Nxe5 {[%emt 0:01:12]} 17. Bxa8 {[%emt 0:00:18]} Rxa8 {[%emt 0:00:01]} 18. f4 {[%emt 0:00:49]} Ned7 {[%emt 0:00:35]} 19. Nef3 {[%emt 0:01:54]} Nd5 {[%emt 0:00:21]} 20. Bg1 {[%emt 0:00:46]} Bxb2 {[%emt 0:00:10]} 21. Rc2 {[%emt 0:00:40]} Bg7 {[%emt 0:00:07]} 22. Ng5 {[%emt 0:00:19]} Nc3 {[%emt 0:00:09]} 23. Qe1 {[%emt 0:04:10]} Qxd3 {[%emt 0:00:47]} 24. Nxe6 {[%emt 0:01:53]} Qxc2 {[%emt 0:00:17]} 25. Nxg7 {[%emt 0:00:03]} Kxg7 {[%emt 0:00:21]} 26. Rf2 {[%emt 0:00:26]} Nd5 {[%emt 0:04:09]} 27. Ne4 {[%emt 0:00:35]} Qc4 {[%emt 0:00:15]} 28. Qa1+ {[%emt 0:01:48]} Kg8 {[%emt 0:00:25]} 29. Nd2 {[%emt 0:00:02]} Qc3 {[%emt 0:00:22]} 30. Qb1 {[%emt 0:00:42]} N7f6 {[%emt 0:00:35]} 31. f5 {[%emt 0:00:04]} Ra3 {[%emt 0:00:46]} 32. Nb3 {[%emt 0:00:09]} c4 {[%emt 0:00:22]} 33. Rc2 {[%emt 0:00:01]} Qd3 {[%emt 0:00:19]} 34. Bf2 {[%emt 0:01:48]} cxb3 {[%emt 0:00:30]} 35. Rc8+ {[%emt 0:00:04]} Kg7 {[%emt 0:00:01]} 36. Qxd3 {[%emt 0:00:03]} bxa2 {[%emt 0:00:14]} 37. Qxa3 bxa3 {[%emt 0:00:03]} 38. Bd4 {[%emt 0:00:05]} Nb4 {[%emt 0:01:08]} 39. fxg6 {[%emt 0:00:32]} hxg6 {[%emt 0:00:20]} 40. Kg2 {[%emt 0:00:01]} e5 {[%emt 0:00:12]} 41. Ba1 {[%emt 0:00:08]} Ne4 {[%emt 0:00:14]} 42. Rc4 {[%emt 0:00:13]} Nxg3 {[%emt 0:01:20]} 43. Rxb4 {[%emt 0:00:12]} Nf5 {[%emt 0:00:02]} 44. Rb3 {[%emt 0:00:24]} Nh4+ {[%emt 0:02:01] Rxa3} 0-1

[Event "African Games-chT 2019"]
[Site "Casablanca"]
[Date "2019.08.24"]
[Round "2.8"]
[White "Miladi, Amen"]
[Black "Rania, Sbai"]
[Result "0-1"]
[WhiteElo "1811"]
[BlackElo "1853"]
[Annotator "NA"]
[PlyCount "88"]
[EventDate "2019.08.24"]
[EventType "team-tourn"]
[EventCountry "MAR"]
[SourceTitle "playchess.com"]
[Source "ChessBase"]
[SourceQuality "1"]
[WhiteTeam "Tunisia"]
[BlackTeam "Morocco"]
[WhiteTeamCountry "TUN"]
[BlackTeamCountry "MAR"]
[TimeControl "900+10"]

1. e4 {[%emt 0:00:00]} e5 {[%emt 0:00:00]} 2. Nf3 {[%emt 0:00:00]} Nc6 {[%emt 0:00:00]} 3. Bc4 {[%emt 0:00:00]} Bc5 {[%emt 0:00:00]} 4. c3 {[%emt 0:00:00]} Nf6 {[%emt 0:00:07]} 5. d3 {[%emt 0:00:00]} d6 {[%emt 0:00:33]} 6. Bb3 {[%emt 0:00:00]} h6 {[%emt 0:00:37]} 7. Nbd2 {[%emt 0:00:03]} a6 {[%emt 0:00:23]} 8. Nf1 {[%emt 0:00:07]} O-O {[%emt 0:02:49]} 9. Ng3 {[%emt 0:00:08]} Bg4 {[%emt 0:00:42]} 10. h3 {[%emt 0:00:21]} Be6 {[%emt 0:00:01]} 11. Bc2 {[%emt 0:00:01]} Ne7 {[%emt 0:00:19]} 12. O-O {[%emt 0:00:24]} c6 {[%emt 0:01:04]} 13. d4 {[%emt 0:00:59]} exd4 {[%emt 0:00:16]} 14. cxd4 {[%emt 0:00:01]} Bb6 {[%emt 0:00:51]} 15. Be3 {[%emt 0:01:57]} Ng6 {[%emt 0:02:15]} 16. Nd2 {[%emt 0:02:34]} c5 {[%emt 0:01:54]} 17. dxc5 {[%emt 0:00:32]} Bxc5 {[%emt 0:00:37]} 18. Qe2 {[%emt 0:01:54]} Bxe3 {[%emt 0:00:39]} 19. Qxe3 Rc8 20. Bb3 {[%emt 0:00:47]} Bxb3 {[%emt 0:00:44]} 21. Qxb3 {[%emt 0:00:02]} Rc7 {[%emt 0:00:16]} 22. Rac1 {[%emt 0:00:38]} Re8 {[%emt 0:00:36]} 23. Rfe1 {[%emt 0:01:16]} Qd7 {[%emt 0:01:15]} 24. Rcd1 {[%emt 0:00:29]} Rec8 {[%emt 0:00:47]} 25. Nf3 {[%emt 0:00:58]} Qc6 {[%emt 0:01:01]} 26. Nd4 {[%emt 0:00:27]} Qc4 {[%emt 0:00:13]} 27. Qxc4 {[%emt 0:00:34]} Rxc4 {[%emt 0:00:01]} 28. Ndf5 {[%emt 0:00:01]} Rc2 {[%emt 0:00:35]} 29. Nxd6 {[%emt 0:00:12]} R8c7 {[%emt 0:00:00]} 30. e5 {[%emt 0:01:14]} Nd7 {[%emt 0:00:08]} 31. Rb1 {[%emt 0:00:31]} Ndxe5 {[%emt 0:00:10]} 32. f4 {[%emt 0:01:38]} Nd3 {[%emt 0:00:23]} 33. Re8+ {[%emt 0:00:02]} Kh7 {[%emt 0:00:10]} 34. Re2 {[%emt 0:01:38]} Ngxf4 {[%emt 0:00:25]} 35. Re3 {[%emt 0:00:54]} Rxg2+ {[%emt 0:00:14]} 36. Kf1 {[%emt 0:00:04]} Rf2+ {[%emt 0:00:08]} 37. Kg1 {[%emt 0:00:04]} Nxh3+ {[%emt 0:00:30]} 38. Kh1 {[%emt 0:00:01]} Rfc2 {[%emt 0:00:21]} 39. Rxd3 {[%emt 0:00:34]} Nf2+ {[%emt 0:00:01]} 40. Kg1 Nxd3 {[%emt 0:00:02]} 41. Nge4 {[%emt 0:00:29]} Rc1+ {[%emt 0:00:15]} 42. Rxc1 {[%emt 0:00:01]} Rxc1+ {[%emt 0:00:01]} 43. Kg2 {[%emt 0:00:00]} Rc2+ {[%emt 0:00:04]} 44. Kf3 {[%emt 0:00:02]} Rxb2 {[%emt 0:00:03]} 0-1

[Event "African Games-chT 2019"]
[Site "Casablanca"]
[Date "2019.08.24"]
[Round "2.9"]
[White "Makoto, Rodwell"]
[Black "Bellahcene, Bilel"]
[Result "0-1"]
[WhiteElo "2373"]
[BlackElo "2550"]
[Annotator "ChessBase"]
[PlyCount "72"]
[EventDate "2019.08.24"]
[EventType "team-tourn"]
[EventCountry "MAR"]
[SourceTitle "playchess.com"]
[Source "ChessBase"]
[SourceQuality "1"]
[WhiteTeam "Zimbabwe"]
[BlackTeam "Algeria"]
[WhiteTeamCountry "ZIM"]
[BlackTeamCountry "ALG"]
[TimeControl "900+10"]

1. Nf3 {[%emt 0:00:00]} d5 {[%emt 0:00:00]} 2. c4 d4 3. b4 {[%emt 0:00:03]} g5 {[%emt 0:00:00]} 4. e3 {[%emt 0:00:12]} e5 {[%emt 0:00:19]} 5. Bb2 {[%emt 0:01:54]} Bg7 {[%emt 0:00:06]} 6. exd4 {[%emt 0:01:11]} exd4 {[%emt 0:00:04]} 7. Bd3 {[%emt 0:00:57]} g4 {[%emt 0:00:15]} 8. Qe2+ {[%emt 0:00:39]} Ne7 {[%emt 0:00:06]} 9. Ne5 {[%emt 0:00:39]} O-O {[%emt 0:00:10]} 10. O-O {[%emt 0:02:23]} Re8 {[%emt 0:00:24]} 11. f4 {[%emt 0:02:22]} Nec6 {[%emt 0:01:06]} 12. b5 {[%emt 0:02:03]} Nxe5 {[%emt 0:01:04]} 13. fxe5 {[%emt 0:00:01]} Nd7 {[%emt 0:00:27]} 14. Qe4 {[%emt 0:01:02]} Qh4 {[%emt 0:00:36]} 15. g3 {[%emt 0:01:32]} Qh6 {[%emt 0:00:15]} 16. Bxd4 {[%emt 0:01:03]} Nxe5 {[%emt 0:00:02]} 17. Bxe5 {[%emt 0:00:14]} Rxe5 {[%emt 0:00:09]} 18. Qf4 {[%emt 0:00:12]} Qxf4 {[%emt 0:01:45]} 19. gxf4 {[%emt 0:00:01]} Re8 {[%emt 0:00:01]} 20. Nc3 {[%emt 0:00:00]} Rd8 {[%emt 0:00:00]} 21. Be4 {[%emt 0:00:26]} Rxd2 22. Rac1 a6 {[%emt 0:00:15]} 23. a4 {[%emt 0:00:30]} axb5 {[%emt 0:00:02]} 24. cxb5 {[%emt 0:00:01]} Bd4+ {[%emt 0:00:19]} 25. Kh1 {[%emt 0:00:01]} Bxc3 {[%emt 0:00:10]} 26. Rxc3 {[%emt 0:00:02]} Rxa4 {[%emt 0:00:01]} 27. Re1 {[%emt 0:00:32]} Bd7 {[%emt 0:00:35]} 28. Rxc7 {[%emt 0:01:00]} Bxb5 {[%emt 0:00:03]} 29. Bxb7 {[%emt 0:00:10]} Rxf4 {[%emt 0:00:14]} 30. Rc5 {[%emt 0:00:14]} Be2 {[%emt 0:00:10]} 31. Kg2 {[%emt 0:00:23]} h6 {[%emt 0:00:21]} 32. Kg3 {[%emt 0:00:08]} Rf6 {[%emt 0:00:01]} 33. Be4 {[%emt 0:00:12]} Kg7 {[%emt 0:00:08]} 34. Rf5 {[%emt 0:00:07]} Re6 {[%emt 0:00:15]} 35. Bd5 {[%emt 0:00:02]} Re3+ {[%emt 0:00:13]} 36. Kf4 {[%emt 0:00:14]} Re7 {[%emt 0:00:02]} 0-1